[Event "Titled Tuesday intern op 16th Aug Early"]
[Site "Chess.com INT"]
[Date "2022.08.16"]
[Round "11"]
[White "Johnson, Ben"]
[Black "Sultana, Sharmin Shirin"]
[Result "0-1"]
[WhiteElo "2050"]
[BlackElo "1980"]
[PlyCount "66"]
[EventDate "2022.08.16"]
[EventType "swiss (blitz)"]
[EventRounds "11"]
[EventCountry "USA"]
[SourceTitle "EXT 2023"]
[Source "ChessBase"]
[SourceDate "2022.10.05"]
[SourceVersion "1"]
[SourceVersionDate "2022.10.05"]
[SourceQuality "1"]

1. Nf3 d5 2. e3 Nf6 3. c4 Bg4 4. cxd5 Nxd5 5. Nc3 c6 6. Qb3 Nb6 7. Ne5 Be6 8. Qc2 g6 9. d4 Bg7 10. Be2 N8d7 11. Nf3 Bc4 12. b3 Bxe2 13. Qxe2 0-0 14. Bb2 c5 15. Ne4 cxd4 16. Bxd4 e5 17. Bb2 Qe7 18. 0-0 f5 19. Nc3 Rfd8 20. Rfd1 Nc5 21. Ba3 e4 22. Nd4 Qe5 23. Qb5 Nd3 24. Qxe5 Bxe5 25. Nce2 Nd5 26. Rab1 Rac8 27. f4 Bf6 28. Ne6 Re8 29. N6d4 Kf7 30. g4 Bxd4 31. Nxd4 Nxe3 32. Rd2 Nxg4 33. h3 Ne3 0-1

[Event "Titled Tuesday intern op 16th Aug Early"]
[Site "Chess.com INT"]
[Date "2022.08.16"]
[Round "10"]
[White "Lakshmi, Chidambaram"]
[Black "Sultana, Sharmin Shirin"]
[Result "1-0"]
[WhiteElo "1959"]
[BlackElo "1980"]
[PlyCount "99"]
[EventDate "2022.08.16"]
[EventType "swiss (blitz)"]
[EventRounds "11"]
[EventCountry "USA"]
[SourceTitle "EXT 2023"]
[Source "ChessBase"]
[SourceDate "2022.10.05"]
[SourceVersion "1"]
[SourceVersionDate "2022.10.05"]
[SourceQuality "1"]

1. e4 e5 2. Nf3 Nf6 3. d4 Nxe4 4. Nxe5 d6 5. Nf3 d5 6. Bd3 Bd6 7. 0-0 0-0 8. h3 c6 9. Nc3 Re8 10. Re1 Bf5 11. Be3 Bg6 12. Ne2 Qc7 13. c4 Nd7 14. cxd5 cxd5 15. Rc1 Qa5 16. a3 Ndf6 17. Nc3 Qd8 18. Nh4 Bh5 19. Nf3 Rc8 20. Be2 Nxc3 21. Rxc3 Rxc3 22. bxc3 Ne4 23. Qb3 b6 24. Kf1 Bc7 25. Bb5 Re6 26. Nd2 h6 27. Nxe4 Rxe4 28. Bd3 Re6 29. c4 dxc4 30. Bxc4 Rf6 31. Kg1 Qd6 32. Kf1 Qh2 33. f3 Bg3 34. Rd1 Qh1+ 35. Ke2 Qxg2+ 36. Kd3 Qxf3 37. Bd5 Bg6+ 38. Kc3 Qxe3+ 39. Kb4 Bd6+ 40. Ka4 Bc2 41. Qxc2 Qxa3+ 42. Kb5 Qb4+ 43. Ka6 Qa5+ 44. Kb7 Qxd5+ 45. Qc6 Qe6 46. Qc8+ Qxc8+ 47. Kxc8 Rf4 48. d5 Re4 49. Kd7 Bc5 50. Kc6 1-0

[Event "Dhaka Chowdhury Memorial op-A 2nd"]
[Site "Dhaka"]
[Date "2022.07.02"]
[Round "1"]
[White "Sadnan Hasan, Dihan"]
[Black "Sultana, Sharmin Shirin"]
[Result "1-0"]
[WhiteElo "2107"]
[BlackElo "1995"]
[PlyCount "59"]
[EventDate "2022.07.02"]
[EventType "swiss"]
[EventRounds "8"]
[EventCountry "BAN"]
[SourceTitle "EXT 2023"]
[Source "ChessBase"]
[SourceDate "2022.10.05"]
[SourceVersion "1"]
[SourceVersionDate "2022.10.05"]
[SourceQuality "1"]

1. e4 c5 2. Nf3 e6 3. d4 cxd4 4. Nxd4 a6 5. g3 Nf6 6. Bg2 Qc7 7. 0-0 Nc6 8. Nb3 h5 9. Bg5 Be7 10. Nc3 d6 11. Qe2 Bd7 12. Rfd1 Ne5 13. Nd2 0-0-0 14. h3 Bc6 15. f4 Ng6 16. a4 Ng8 17. Bxe7 N8xe7 18. h4 d5 19. exd5 Nxd5 20. Nxd5 Bxd5 21. Bxd5 Rxd5 22. c4 Rd4 23. Ne4 Rhd8 24. c5 Kb8 25. Rdc1 Qc6 26. Nd6 Nxf4 27. gxf4 Rxf4 28. Rc3 Rxh4 29. Qf3 Rxa4 30. Rxa4 1-0

[Event "Speed Chess (Women) Q1"]
[Site "Chess.com INT"]
[Date "2022.05.25"]
[Round "4"]
[White "Tarasova, Viktoriya"]
[Black "Sultana, Sharmin Shirin"]
[Result "1-0"]
[WhiteElo "2226"]
[BlackElo "1992"]
[PlyCount "63"]
[EventDate "2022.05.24"]
[EventType "swiss (blitz)"]
[EventRounds "14"]
[EventCountry "USA"]
[SourceTitle "CBM 208 Extra"]
[Source "ChessBase"]
[SourceDate "2022.07.31"]
[SourceVersion "1"]
[SourceVersionDate "2022.07.31"]
[SourceQuality "1"]

1. d4 d5 2. c4 c6 3. Nf3 Nf6 4. Nc3 dxc4 5. a4 Bf5 6. Ne5 Nbd7 7. Nxc4 Nb6 8. Ne5 a5 9. g3 Nfd7 10. Nxd7 Nxd7 11. Bg2 e6 12. 0-0 Bb4 13. e4 Bg6 14. f4 f5 15. exf5 Bxf5 16. g4 Bg6 17. f5 exf5 18. gxf5 Bf7 19. Re1+ Be7 20. Bg5 Nf6 21. Qe2 Qxd4+ 22. Kh1 Qb4 23. Qe3 Rd8 24. Bf3 Rd7 25. Bxf6 gxf6 26. Ne4 Kd8 27. Rad1 Bd5 28. Nc3 Qc5 29. Nxd5 cxd5 30. Qe6 Re8 31. Rxd5 Qc7 32. Red1 1-0

[Event "Dhaka Laila Alam Cup (Women) 12th"]
[Site "Dhaka"]
[Date "2022.05.05"]
[Round "1"]
[White "Jarin, Tasnim"]
[Black "Sultana, Sharmin Shirin"]
[Result "0-1"]
[WhiteElo "1243"]
[BlackElo "1992"]
[PlyCount "92"]
[EventDate "2022.05.05"]
[EventType "swiss"]
[EventRounds "7"]
[EventCountry "BAN"]
[SourceTitle "CBM 208 Extra"]
[Source "ChessBase"]
[SourceDate "2022.07.31"]
[SourceVersion "1"]
[SourceVersionDate "2022.07.31"]
[SourceQuality "1"]

1. e4 c5 2. Nf3 Nc6 3. Nc3 e6 4. Bc4 a6 5. 0-0 b5 6. Bb3 c4 7. Bxc4 bxc4 8. d3 cxd3 9. cxd3 d6 10. d4 Nf6 11. e5 dxe5 12. dxe5 Qxd1 13. Rxd1 Nd7 14. Bf4 Bb7 15. h3 Nb4 16. a3 Nd5 17. Nxd5 Bxd5 18. Nh2 Be7 19. Ng4 0-0 20. Ne3 Nb6 21. Nxd5 Nxd5 22. Bg3 a5 23. f4 Bc5+ 24. Kh1 Rfb8 25. Rac1 Be3 26. Rb1 Bxf4 27. Bxf4 Nxf4 28. Rf1 Nd3 29. b4 axb4 30. axb4 Rxb4 31. Rxb4 Nxb4 32. Rf4 Nd3 33. Re4 Nf2+ 34. Kg1 Nxe4 35. h4 h5 36. Kh2 Ra1 37. g3 Ra2+ 38. Kh3 g6 39. g4 Ra3+ 40. Kg2 hxg4 41. Kh2 Ra2+ 42. Kg1 g3 43. Kf1 Rf2+ 44. Kg1 Nd2 45. Kh1 Nf3 46. h5 Rh2# 0-1

[Event "BAN-ch (Women)"]
[Site "Dhaka"]
[Date "2022.01.06"]
[Round "9"]
[White "Sultana, Sharmin Shirin"]
[Black "Jahanara, Haque"]
[Result "1-0"]
[WhiteElo "1975"]
[BlackElo "1710"]
[PlyCount "101"]
[EventDate "2021.12.29"]
[EventType "swiss"]
[EventRounds "11"]
[EventCountry "BAN"]
[SourceTitle "EXT 2023"]
[Source "ChessBase"]
[SourceDate "2022.10.05"]
[SourceVersion "1"]
[SourceVersionDate "2022.10.05"]
[SourceQuality "1"]

1. d4 e6 2. Nf3 d5 3. c4 a6 4. a4 Nf6 5. Nc3 Be7 6. e3 Nbd7 7. Be2 h6 8. 0-0 0-0 9. b3 b6 10. Bb2 Bb7 11. Bd3 Re8 12. Qe2 Bf8 13. Rfd1 g6 14. Rac1 Bg7 15. b4 a5 16. b5 Rc8 17. Ba3 Bf8 18. Bxf8 Kxf8 19. cxd5 Nxd5 20. e4 Nxc3 21. Rxc3 Qf6 22. Qe3 Kg7 23. e5 Qe7 24. Rdc1 Nb8 25. Be4 Bd5 26. h3 Red8 27. Qf4 Rd7 28. Bxd5 exd5 29. h4 Qe6 30. Nh2 f5 31. exf6+ Qxf6 32. Qxf6+ Kxf6 33. Ng4+ Kg7 34. Ne5 Re7 35. Rg3 Re6 36. h5 g5 37. f4 c5 38. fxg5 hxg5 39. Rxg5+ Kh7 40. Rf1 Rc7 41. Rf8 Rb7 42. Nf7 Rxf7 43. Rxf7+ Kh6 44. Rg6+ Rxg6 45. hxg6 Kxg6 46. Rb7 Kf5 47. Kf2 Ke4 48. dxc5 bxc5 49. Rxb8 Kd3 50. Rc8 c4 51. b6 1-0

[Event "BAN-chB 46th"]
[Site "Dhaka"]
[Date "2021.12.22"]
[Round "8"]
[White "Sultana, Sharmin Shirin"]
[Black "Sacchu, Afzal Hossain"]
[Result "1-0"]
[WhiteElo "1975"]
[BlackElo "2057"]
[PlyCount "85"]
[EventDate "2021.12.15"]
[EventType "swiss"]
[EventRounds "9"]
[EventCountry "BAN"]
[SourceTitle "CBM 206 Extra"]
[Source "ChessBase"]
[SourceDate "2022.03.31"]
[SourceVersion "1"]
[SourceVersionDate "2022.03.31"]
[SourceQuality "1"]

1. d4 Nf6 2. Nf3 e6 3. e3 b6 4. Bd3 Bb7 5. Nbd2 c5 6. b3 Nc6 7. 0-0 Be7 8. Bb2 cxd4 9. exd4 d5 10. a3 0-0 11. Qe2 a5 12. Ne5 Nxe5 13. dxe5 Nd7 14. f4 Nc5 15. Bb5 Ne4 16. Nxe4 dxe4 17. Rad1 Bc5+ 18. Kh1 Qc8 19. f5 exf5 20. Bd7 Qc7 21. Bxf5 e3 22. Rd7 Qc6 23. e6 f6 24. Qg4 g6 25. Bxg6 Qxg2+ 26. Qxg2 Bxg2+ 27. Kxg2 hxg6 28. Rxf6 Rxf6 29. Bxf6 e2 30. Bc3 Rc8 31. Rg7+ Kf8 32. Rf7+ Ke8 33. Rf3 Bxa3 34. Kf2 Rxc3 35. Rxc3 e1Q+ 36. Kxe1 Bb4 37. Kd2 Ke7 38. Kd3 Bxc3 39. Kxc3 Kxe6 40. Kc4 Kd6 41. Kb5 Kc7 42. c4 Kb7 43. h4 1-0

[Event "BAN-chB 46th"]
[Site "Dhaka"]
[Date "2021.12.18"]
[Round "4"]
[White "Sultana, Sharmin Shirin"]
[Black "Rana Pratap, Singha"]
[Result "1-0"]
[WhiteElo "1975"]
[BlackElo "1900"]
[PlyCount "101"]
[EventDate "2021.12.15"]
[EventType "swiss"]
[EventRounds "9"]
[EventCountry "BAN"]
[SourceTitle "CBM 206 Extra"]
[Source "ChessBase"]
[SourceDate "2022.03.31"]
[SourceVersion "1"]
[SourceVersionDate "2022.03.31"]
[SourceQuality "1"]

1. d4 g6 2. c4 Bg7 3. Nc3 Nf6 4. e4 d6 5. Be2 c6 6. Bg5 Qa5 7. Qd2 Nbd7 8. f3 a6 9. a3 b5 10. b4 Qb6 11. c5 dxc5 12. dxc5 Qc7 13. Nh3 0-0 14. 0-0 Rd8 15. Rad1 Bb7 16. Qe3 Nf8 17. f4 Ne6 18. e5 Nd5 19. Nxd5 cxd5 20. Qg3 Nxg5 21. Nxg5 e6 22. Qh3 h6 23. Nf3 Bc6 24. Nd4 Qb7 25. Bd3 Re8 26. Rb1 Qd7 27. Qe3 Bf8 28. Kh1 a5 29. a4 Reb8 30. axb5 Bxb5 31. Bxb5 Rxb5 32. c6 Qa7 33. f5 exf5 34. e6 Rxb4 35. Rxb4 axb4 36. Qf4 Re8 37. c7 Qc5 38. Rc1 fxe6 39. Rxc5 Bxc5 40. c8Q Rxc8 41. Nxe6 Re8 42. Qe5 Kf7 43. Qc7+ Kxe6 44. Qxc5 Kf6 45. Kg1 Re4 46. Qxd5 Kg5 47. Qd8+ Kh5 48. g3 Rc4 49. Qd1+ Kg5 50. h4+ Kf6 51. Qd6+ 1-0

[Event "Asia Club-ch Hybrid"]
[Site "Tornelo INT"]
[Date "2021.11.05"]
[Round "3.5"]
[White "Shadanpour, Sana"]
[Black "Sultana, Sharmin Shirin"]
[Result "0-1"]
[WhiteElo "1153"]
[BlackElo "1983"]
[PlyCount "84"]
[EventDate "2021.11.03"]
[EventType "team-swiss"]
[EventRounds "9"]
[EventCountry "NET"]
[SourceTitle "CBM 205 Extra"]
[Source "ChessBase"]
[SourceDate "2022.01.31"]
[SourceVersion "1"]
[SourceVersionDate "2022.01.31"]
[SourceQuality "1"]
[WhiteTeam "Fekre Bartar"]
[BlackTeam "Bangladesh Police"]
[WhiteTeamCountry "IRI"]
[BlackTeamCountry "BAN"]

1. d4 d5 2. Nf3 Nf6 3. e3 c5 4. c3 Qc7 5. Bd3 Bg4 6. Nbd2 e6 7. 0-0 Nc6 8. Re1 Be7 9. b3 0-0 10. Bb2 Rfd8 11. Rc1 Bh5 12. e4 dxe4 13. Nxe4 Nxe4 14. Bxe4 Bg6 15. Bxg6 hxg6 16. Qe2 cxd4 17. cxd4 Qa5 18. a3 Qb6 19. b4 Rd5 20. Red1 Rad8 21. Rc2 a5 22. bxa5 Rxa5 23. Ne5 Nxe5 24. dxe5 Bxa3 25. Rdc1 Qa6 26. Qe3 Bxb2 27. Rxb2 Rad5 28. h3 b5 29. Rb4 Rc8 30. Rcb1 Rcc5 31. f4 Qc6 32. Kh2 Rc2 33. Qf3 Qd7 34. Rg1 Rdd2 35. Qa8+ Rc8 36. Qa6 Rc5 37. Qa8+ Kh7 38. Qf8 Rc8 39. Qxc8 Qxc8 40. Rc4 Qxc4 41. Rd1 Qxf4+ 42. Kh1 Rxd1# 0-1

[Event "BAN-chT (Women)"]
[Site "Dhaka"]
[Date "2021.09.11"]
[Round "4.3"]
[White "Aeon, Sarker"]
[Black "Sultana, Sharmin Shirin"]
[Result "0-1"]
[WhiteElo "1391"]
[BlackElo "2008"]
[PlyCount "68"]
[EventDate "2021.09.08"]
[EventType "team-tourn"]
[EventRounds "9"]
[EventCountry "BAN"]
[SourceTitle "CBM 204 Extra"]
[Source "ChessBase"]
[SourceDate "2021.11.30"]
[SourceVersion "1"]
[SourceVersionDate "2021.11.30"]
[SourceQuality "1"]
[WhiteTeam "Rupali Bank Krira Parisad (W)"]
[BlackTeam "Bangladesh Police (W)"]
[WhiteTeamCountry "BAN"]
[BlackTeamCountry "BAN"]

1. e4 c5 2. Nf3 e6 3. Nc3 a6 4. d4 cxd4 5. Nxd4 Qc7 6. g3 Nf6 7. Bg2 Nc6 8. 0-0 h5 9. Bg5 Bc5 10. Nb3 Ba7 11. h3 Qxg3 12. Qd2 Qc7 13. Bf4 Ne5 14. Rad1 h4 15. Kh1 d6 16. Ne2 Bd7 17. Qc3 Qxc3 18. Nxc3 Nh5 19. Bh2 Ke7 20. Na5 Bc6 21. Bxe5 dxe5 22. Nxc6+ bxc6 23. Kh2 Nf4 24. Bf3 Rad8 25. a3 Rxd1 26. Bxd1 Rd8 27. f3 Rd2+ 28. Kh1 Nxh3 29. Ne2 Rxd1 30. Rxd1 Nf2+ 31. Kg2 Nxd1 32. b3 Ne3+ 33. Kh3 Nxc2 34. Kxh4 Nxa3 0-1

[Event "Online Olym Div2 A"]
[Site "Chess.com INT"]
[Date "2021.09.02"]
[Round "3.3"]
[White "Gong, Qianyun"]
[Black "Sultana, Sharmin Shirin"]
[Result "0-1"]
[WhiteElo "2347"]
[BlackElo "2008"]
[PlyCount "108"]
[EventDate "2021.09.02"]
[EventType "team (rapid)"]
[EventRounds "9"]
[EventCountry "USA"]
[SourceTitle "CBM 204 Extra"]
[Source "ChessBase"]
[SourceDate "2021.11.30"]
[SourceVersion "1"]
[SourceVersionDate "2021.11.30"]
[SourceQuality "1"]
[WhiteTeam "Singapore"]
[BlackTeam "Bangladesh"]
[WhiteTeamCountry "SIN"]
[BlackTeamCountry "BAN"]

1. e4 c5 2. Nf3 e6 3. b3 Nc6 4. Bb2 a6 5. Be2 d6 6. d4 cxd4 7. Nxd4 Nf6 8. Nxc6 bxc6 9. e5 Nd5 10. 0-0 Bb7 11. c4 Nf4 12. Bf3 d5 13. Qd4 Ng6 14. c5 a5 15. Re1 Be7 16. Nc3 0-0 17. Bg4 Ba6 18. Na4 Rb8 19. Bc3 Bb5 20. g3 Qc7 21. Rac1 Qa7 22. Bd2 Rb7 23. Nb6 Bxc5 24. Rxc5 Qxb6 25. a4 Ba6 26. Re3 Qa7 27. Bxa5 Rfb8 28. b4 Ne7 29. h4 h6 30. Rec3 Bc4 31. h5 Qa6 32. Qd2 Qa7 33. Be2 Bxe2 34. Qxe2 d4 35. R3c4 Rd7 36. Qd3 Qa6 37. Kg2 g6 38. hxg6 fxg6 39. Qd2 Kg7 40. Rxd4 Rd5 41. Qc3 Rf8 42. Rdxd5 Nxd5 43. Qd2 Qa7 44. Qd4 Qa6 45. Qd2 Qb7 46. Rc2 Qf7 47. Qe2 Qf5 48. Rxc6 Qg5 49. Kh2 Nf4 50. gxf4 Rxf4 51. Rc4 Qh4+ 52. Kg2 Rxc4 53. Bd8 Rg4+ 54. Kf3 Qh3# 0-1

[Event "Titled Tuesday intern op 31st Aug"]
[Site "Chess.com INT"]
[Date "2021.08.31"]
[Round "8"]
[White "Provaznik, Michal"]
[Black "Sultana, Sharmin Shirin"]
[Result "1-0"]
[WhiteElo "2127"]
[BlackElo "2011"]
[PlyCount "55"]
[EventDate "2021.08.31"]
[EventType "swiss (blitz)"]
[EventRounds "11"]
[EventCountry "USA"]
[SourceTitle "EXT 2022"]
[Source "ChessBase"]
[SourceDate "2021.10.06"]
[SourceVersion "1"]
[SourceVersionDate "2021.10.06"]
[SourceQuality "1"]

1. b3 d5 2. Bb2 Nc6 3. f4 Nf6 4. Nf3 Bf5 5. e3 e6 6. Bb5 Bd6 7. 0-0 0-0 8. Bxc6 bxc6 9. d3 Nd7 10. Nbd2 Bc5 11. Qe1 Re8 12. Kh1 Bg4 13. Qg3 f5 14. h3 Nf6 15. hxg4 Nxg4 16. Bd4 Bxd4 17. exd4 Rf8 18. Rae1 Rf6 19. Ng5 Rh6+ 20. Kg1 Qd6 21. c3 Rf8 22. Re2 Rff6 23. Rfe1 Qa3 24. Ndf3 Rh5 25. Rxe6 Rxe6 26. Rxe6 Qc1+ 27. Re1 Qxc3 28. Re8# 1-0

[Event "Titled Tuesday intern op 31st Aug"]
[Site "Chess.com INT"]
[Date "2021.08.31"]
[Round "3"]
[White "Sultana, Sharmin Shirin"]
[Black "Sinitsina, Anastassia"]
[Result "0-1"]
[WhiteElo "2011"]
[BlackElo "2057"]
[PlyCount "86"]
[EventDate "2021.08.31"]
[EventType "swiss (blitz)"]
[EventRounds "11"]
[EventCountry "USA"]
[SourceTitle "EXT 2022"]
[Source "ChessBase"]
[SourceDate "2021.10.06"]
[SourceVersion "1"]
[SourceVersionDate "2021.10.06"]
[SourceQuality "1"]

1. d4 Nf6 2. c4 g6 3. Nc3 Bg7 4. e4 d6 5. Bd3 0-0 6. Nge2 Na6 7. 0-0 e5 8. d5 Nc5 9. Bc2 a5 10. Rb1 Ne8 11. b3 f5 12. a3 Nf6 13. exf5 gxf5 14. f4 e4 15. b4 axb4 16. axb4 Na6 17. Be3 Ng4 18. Bc1 Bd7 19. h3 Nf6 20. Be3 Qe7 21. Nd4 Qf7 22. Ncb5 Qg6 23. Qe1 Nh5 24. Bd1 Ng3 25. Rf2 h5 26. Ra2 h4 27. Bf2 Rae8 28. Rxa6 bxa6 29. Nxc7 Rc8 30. Nce6 Bxe6 31. Nxe6 Rxc4 32. Nxf8 Bxf8 33. Be2 Rc2 34. Bxg3 hxg3 35. Bxa6 Bg7 36. b5 Bd4+ 37. Kh1 Bb6 38. Bc8 Rxc8 39. Rc1 Rc5 40. Rxc5 dxc5 41. Qa1 Qd6 42. Qa8+ Kg7 43. Qb7+ Kg6 0-1

[Event "Sheikh Kamal Online Inv"]
[Site "Tornelo INT"]
[Date "2021.08.28"]
[Round "6"]
[White "Md Sajidul, Haque"]
[Black "Sultana, Sharmin Shirin"]
[Result "1/2-1/2"]
[WhiteElo "1740"]
[BlackElo "2011"]
[PlyCount "146"]
[EventDate "2021.08.27"]
[EventType "tourn (rapid)"]
[EventRounds "9"]
[EventCountry "BAN"]
[SourceTitle "CBM 204 Extra"]
[Source "ChessBase"]
[SourceDate "2021.11.30"]
[SourceVersion "1"]
[SourceVersionDate "2021.11.30"]
[SourceQuality "1"]

1. e4 c5 2. Nf3 e6 3. d4 cxd4 4. Nxd4 a6 5. Nc3 Qc7 6. Be3 Nf6 7. f3 Bb4 8. Qd3 d5 9. exd5 Nxd5 10. Bd2 Nxc3 11. Bxc3 Bxc3+ 12. bxc3 0-0 13. Be2 b6 14. 0-0 Bb7 15. Qe3 Nd7 16. Rad1 Nf6 17. c4 Rfd8 18. Nb3 h6 19. c5 b5 20. c4 b4 21. Rxd8+ Rxd8 22. Rd1 Rxd1+ 23. Bxd1 a5 24. Bc2 Ba6 25. Qd4 Nd7 26. Qd6 Qxd6 27. cxd6 Bxc4 28. Nxa5 Bxa2 29. Bb3 Bxb3 30. Nxb3 Kf8 31. Kf2 e5 32. Ke3 f5 33. Kd3 Kf7 34. Kc4 Ke6 35. Kxb4 Kxd6 36. Kc4 Nb6+ 37. Kd3 Kd5 38. Nd2 Na4 39. Ke3 g5 40. g3 Nc5 41. h4 f4+ 42. Kf2 Kd4 43. hxg5 hxg5 44. gxf4 gxf4 45. Ke2 Kc3 46. Nf1 Nb3 47. Nh2 Nd4+ 48. Kf2 Nf5 49. Ng4 Kd4 50. Ke2 Ng3+ 51. Kf2 Nf5 52. Ke2 Nd6 53. Kf2 Nc4 54. Ke2 Nb6 55. Kf2 Nd5 56. Ke2 Nb4 57. Kf2 Nd3+ 58. Ke2 Nb4 59. Kf2 Nc6 60. Ke2 Kc3 61. Kf2 Kd2 62. Nf6 Kd3 63. Ne4 Nd4 64. Nf6 Kc4 65. Ne4 Kd5 66. Kg2 Ke6 67. Kf2 Kf5 68. Nc3 Ke6 69. Ne4 Kd5 70. Nf6+ Kc4 71. Ne4 Kd3 72. Nc5+ Kd2 73. Ne4+ Kd3 1/2-1/2

[Event "Sheikh Kamal Online Inv"]
[Site "Tornelo INT"]
[Date "2021.08.27"]
[Round "1"]
[White "Rahman, Ziaur"]
[Black "Sultana, Sharmin Shirin"]
[Result "1-0"]
[WhiteElo "2429"]
[BlackElo "2011"]
[PlyCount "73"]
[EventDate "2021.08.27"]
[EventType "tourn (rapid)"]
[EventRounds "9"]
[EventCountry "BAN"]
[SourceTitle "CBM 204 Extra"]
[Source "ChessBase"]
[SourceDate "2021.11.30"]
[SourceVersion "1"]
[SourceVersionDate "2021.11.30"]
[SourceQuality "1"]

1. d4 d5 2. Bf4 Bf5 3. c4 dxc4 4. Nc3 c6 5. e4 Bg6 6. Bxc4 e6 7. Nge2 Nf6 8. f3 Be7 9. 0-0 0-0 10. Be3 Nbd7 11. Bb3 Qc7 12. Nf4 e5 13. Nxg6 hxg6 14. Rc1 exd4 15. Qxd4 Bd6 16. f4 Bc5 17. Qd2 Rad8 18. Kh1 Bb4 19. Qc2 Nc5 20. e5 Nxb3 21. Qxb3 Bxc3 22. bxc3 Nd5 23. Bc5 Rfe8 24. c4 Nb6 25. Bd6 Qd7 26. Rcd1 Qg4 27. h3 Qh4 28. Kh2 g5 29. c5 Nd5 30. fxg5 Qxg5 31. Rxd5 cxd5 32. Qxb7 Qg6 33. Qxd5 Re6 34. c6 Rdxd6 35. exd6 Rxd6 36. Qe5 f6 37. Qxd6 1-0